| 000 | 01403nam a22002537a 4500 | ||
|---|---|---|---|
| 003 | NALT | ||
| 005 | 20210818144616.0 | ||
| 008 | s2545 th tha d | ||
| 020 | _a9749545052 | ||
| 040 | _aNALT | ||
| 041 | _atha | ||
| 090 | _aว RA776.95 จ533ก 2545 | ||
| 100 | 0 | _aจิราพร มงคลประเสริฐ | |
| 245 | 1 | 0 |
_aการพัฒนาเครือข่ายความร่วมมือในการดูแลสุขภาพตนเอง ของชุมชนวัดคำเรือง อำเภอนาหมื่น จังหวัดน่าน / _cจิราพร มงคลประเสริฐ |
| 246 | _aNetwork development on self-health care caoperation of Wat Khamruang, Namuen District, Nan Province | ||
| 260 | 3 |
_aกรุงเทพฯ : _bสำนักงานกองทุนสนับสนุนการวิจัย, _c2545 |
|
| 300 |
_a120 หน้า : _b ภาพประกอบ, ตาราง ; _c 29 ซม. |
||
| 650 | 0 | 4 | _aการดูแลตนเอง -- วิจัย |
| 650 | 0 | 4 | _aสุขภาพ -- การดูแล -- วิจัย |
| 650 | 0 | 4 | _aเครือข่ายความร่วมมือในการดูแลสุขภาพ -- วิจัย |
| 850 | _aNALT | ||
| 942 |
_cRSH _2lcc |
||
| 998 |
_bSUKUNYA _j109 _k อารีรัตน์ วิชาช่าง |
||
| 999 |
_c30813 _d30813 |
||